| 000 | 00540nam a22001937a 4500 | ||
|---|---|---|---|
| 003 | MPLRDC | ||
| 005 | 20220104202422.0 | ||
| 008 | 210129b ||||| |||| 00| 0 eng d | ||
| 020 | _a978-986-6843-49-5 | ||
| 082 | _a191.9 DJXY-2 | ||
| 100 | _a大津秀一 SHUICHI OTSU | ||
| 245 |
_a告别生命的尽头 _c王榆琮 译 |
||
| 250 | _a初版一刷 | ||
| 260 |
_a台湾 _b汉宇国际文化有限公司 _c2013 |
||
| 300 | _b平 | ||
| 520 | _a新书上架 2018-05-16。 | ||
| 650 | _a人生观;生死观 | ||
| 942 |
_cBK _o191.9 DJXY-2 |
||
| 999 |
_c67634 _d67624 |
||